Pupi Avati fuori dal cinema italiano /

Uloženo v:
Podrobná bibliografie
Hlavní autor: Perrotta, Massimiliano
Médium: Kniha
Jazyk:italština
Vydáno: Roma : Edizioni Sabinae, 2024
Edice:Il divano dell'editore ; 4
Tagy: Přidat tag
Žádné tagy, Buďte první, kdo vytvoří štítek k tomuto záznamu!

MARC

LEADER 00000nam a22000007i 4500
001 IT\ICCU\RL1\0111450
003 ItRI
005 20251021175824.0
008 241104s2024 it |||||| ||||| |||||c
020 |a 9791280023780 
040 |b ita  |c Arcigay Viterbo 
041 7 |a ita  |2 ISO-639-2 
100 1 |a Perrotta, Massimiliano  |0 IT\ICCU\RMLV\075036 
240 1 0 |a Pupi Avati fuori dal cinema italiano  |9 Perrotta, Massimiliano 
245 1 0 |a Pupi Avati fuori dal cinema italiano /  |c Massimiliano Perrotta. 
260 |a Roma :  |b Edizioni Sabinae,  |c 2024 
300 |a 93 p. ;  |c 17 cm. 
830 3 |a Il divano dell'editore ;  |v 4  |0 IT\ICCU\UBO\4236633 
942 |2 ddc  |c BK  |n 0 
952 |0 0  |1 0  |2 ddc  |4 0  |6 791_430000000000000_PER_PUP  |7 0  |9 9802  |a VT  |b VT  |d 2025-10-21  |e Dono della Biblioteca Consorziale di Viterbo  |i B342  |l 0  |o 791.43 PER PUP  |p B342  |r 2025-10-21 18:01:16  |w 2025-10-21  |y BK  |z Dono della Biblioteca Consorziale di Viterbo 
981 1 |6 z01  |a i   |b xxxe  
982 1 |6 z01  |a n 
999 |c 8169  |d 8169